Perspektívy rozvoja manažérstva kvality v priemyselných podnikoch na Slovensku
Prieskum aplikácie základných zásad manažérstva kvality v praxi.
Enregistré dans:
| Auteur principal: | |
|---|---|
| Autres auteurs: | |
| Format: | Chapitre de livre |
| Langue: | slovaque |
| Sujets: | |
| Tags: |
Pas de tags, Soyez le premier à ajouter un tag!
|
MARC
| LEADER | 00000naa a2200000 4500 | ||
|---|---|---|---|
| 001 | 0142573 | ||
| 005 | 20231013084916.8 | ||
| 041 | 0 | |a slo | |
| 044 | |a SK | ||
| 245 | 1 | 0 | |a Perspektívy rozvoja manažérstva kvality v priemyselných podnikoch na Slovensku |c Marta Kučerová, Jaromíra Vaňová |
| 520 | |a Prieskum aplikácie základných zásad manažérstva kvality v praxi. | ||
| 610 | 2 | 0 | |a riadenie kvality |
| 610 | 2 | 0 | |a podnik priemyselný |
| 610 | 2 | 0 | |a Slovensko |
| 610 | 2 | 0 | |a konkurencieschopnosť |
| 610 | 2 | 0 | |a efektívnosť ekonomická |
| 100 | 1 | |a Kučerová, Marta | |
| 700 | 1 | |a Vaňová, Jaromíra | |